Notas a propósito de la historia del tifus exantemático (Record no. 70267)

MARC details
000 -LEADER
campo de control de longitud fija 00775nam a2200193 i 4500
001 - NÚMERO DE CONTROL
campo de control 70267
003 - IDENTIFICADOR DE NÚMERO DE CONTROL
campo de control ES-MaACL
005 - FECHA Y HORA DE LA ÚLTIMA TRANSACCIÓN
campo de control 20251017063054.0
007 - CAMPO FIJO DE DESCRIPCIÓN FÍSICA--INFORMACIÓN GENERAL
campo de control de longitud fija t|
008 - DATOS DE LONGITUD FIJA--INFORMACIÓN GENERAL
campo de control de longitud fija 040721s1933 sp ||||1| spa d
100 0# - ENTRADA PRINCIPAL--NOMBRE DE PERSONA
Nombre de persona García del Real, Eduardo,
Fechas asociadas al nombre 1870-1946
9 (RLIN) 54523
245 10 - MENCIÓN DEL TÍTULO
Título Notas a propósito de la historia del tifus exantemático
Resto del título : discusos leídos en la Academia Nacional de Medicina para la recepción pública del académico electo /
Mención de responsabilidad, etc. Eduardo García del Real y Alvarez Mijares ; contestación de Enrique Fernández Sanz.
260 ## - PUBLICACIÓN, DISTRIBUCIÓN, ETC.
Lugar de publicación, distribución, etc. Madrid :
Nombre del editor, distribuidor, etc. Julio Cosano,
Fecha de publicación, distribución, etc. 1933.
300 ## - DESCRIPCIÓN FÍSICA
Extensión 68 p. ;
Dimensiones 22 cm.
650 04 - PUNTO DE ACCESO ADICIONAL DE MATERIA--TÉRMINO DE MATERIA
Término de materia o nombre geográfico como elemento de entrada Tifus exantemático.
9 (RLIN) 17539
700 1# - ENTRADA AGREGADA--NOMBRE PERSONAL
Nombre de persona Fernández Sanz, Enrique.
9 (RLIN) 50080
852 ## - LOCALIZACIÓN
Ubicación ES-MaACL
Número de control de estantería 1768-F-16
Holdings
Estatus retirado Estado de pérdida Estado de daño No para préstamo Colección Biblioteca de origen Biblioteca actual Ubicación en estantería Fecha de adquisición Fuente de adquisición Total de préstamos Signatura topográfica completa Código de barras Visto por última vez Precio de reemplazo Tipo de ítem Koha
        Colección de folletos Biblioteca del Ateneo de Madrid Biblioteca del Ateneo de Madrid Depósito folletos 17/01/2008     1768-F-16 1073581 23/02/2023 23/02/2023 Folleto